00450pab a2200169 454500008004000000100001800040245003900058260000900097300001300106362001100119650001000130650002300140650003900163650002600202650001800228773003400246180718b2011 xxu||||| |||| 00| 0 eng d aKhera Reetika aThe UID project and welfare scheme c2011 ap.38-43. a26 Mar aNREGS aEmployment - India aPublic distribution system - India aIndia - Social policy aSocial policy aEconomic and Political Weekly